trouver le personnage d'animé - Statistiques

Statistiques générales
  • Ce quiz a été pris 56 fois
    38 depuis la dernière actualisation
  • Le résultat moyen est 7 sur 18
Statistiques - réponses
hint Réponse % Correct
j'ai manger un doigt Yuji Itadori
97%
je possède le one for all Izuku Midoriya
94%
mon père est l'éclair jaune de ... Naruto Uzumaki
82%
je suis un mage de fairy tail Natsu Dragnir
76%
je mange des chips et mon partenaire des pommes Light Yagami
74%
je suis un D Monkey D Luffy
68%
je suis ... shinigami supléant Ichigo Kurosaki
47%
je me transforme en fille Ranma Saotome
35%
je suis la plus grande Idol Ai Hoshino
18%
je suis le beater Kazuto Kirigaya (Kirito)
18%
le créateur de ce quizz ne ma jamais battu dans pokemon Red
15%
je suis amoureux d'un lapin Legoshi
12%
je suis une puella magica Madoka Kaname
12%
je suis le nouveau rave master Haru Glory
6%
mes souvenir de moi présent et de ma vie entérieur s'entremêle Haruto Amakawa (Rio)
6%
j'ai donner la mort réversible a Subaru natsuki Satela
6%
je suis le grand démon Shiki Grandbell
3%
je veux devenir un héro Shinra Kusakabe
3%
Aucun quiz correspondant
Distribution des résultats
% des personnes avec chaque résultat
Percentile par nombre de réponses
Votre historique - résultats
Vous n’avez pas pris ce quiz depuis la dernière actualisation